Nuestro nombre es Costa Rica: convergencia de tipologías textuales/
Salvato in:
| Autore principale: | |
|---|---|
| Altri autori: | |
| Natura: | Libro |
| Lingua: | Spanish |
| Tags: |
Aggiungi Tag
Nessun Tag, puoi essere il primo ad aggiungerne!!
|
MARC
| LEADER | 00000nam a22000007a 4500 | ||
|---|---|---|---|
| 003 | cru CIDCACS/IIS | ||
| 005 | 20210817130923.0 | ||
| 007 | ta | ||
| 008 | 161130s2015 cr ||||| |||| 00| 0 spa d | ||
| 040 | |c cru CIDCACS/IIS | ||
| 100 | 1 | |a Mena Araya, Aarón Elí |9 670 | |
| 245 | 1 | |a Nuestro nombre es Costa Rica: |b convergencia de tipologías textuales/ |c Aarón Elí Mena Araya, Angélica Castro Camacho | |
| 300 | |a páginas 365-394: |b tablas, fotos | ||
| 500 | |a Colección Centroamérica | ||
| 700 | 1 | |a Castro Camacho, Angélica |9 672 | |
| 773 | 0 | |0 18765 |9 185 |a Universidad de Costa Rica |d San José, Costa Rica: Editorial Universidad de Costa Rica, 1974- |o R17675 |t Anuario de Estudios Centroaméricanos / | |
| 942 | |2 ddc |c PP | ||
| 999 | |c 18780 |d 18780 | ||
